Страны без выхода к морю — неожиданная смерть - Statistics

General Stats
  • This quiz has been taken 1 227 times
  • The average score is 8 of 20
Answers on the Grid
Answers color-coded by a green-red scale on the quiz's grid according to % correct below.
Афганистан
Беларусь
Гвинея
Боливия
Босния и Герцеговина
Мали
Австрия
Камбоджа
Иордания
Грузия
Чехия
Армения
Ирак
Эфиопия
Парагвай
Ботсвана
Туркменистан
Лаос
Бруней
Люксембург
Словакия
Северная Македония
Словения
ДР Конго
Венгрия
Буркина-Фасо
Гватемала
Северная Македония
Швейцария
Бутан
 
Answer Stats
Answer % Correct
Беларусь
53%
Люксембург
50%
Австрия
49%
Чехия
49%
Швейцария
45%
Венгрия
44%
Афганистан
43%
Словакия
41%
Северная Македония
39%
Армения
38%
Туркменистан
37%
Северная Македония
36%
Парагвай
34%
Бутан
34%
Боливия
32%
Эфиопия
31%
Ботсвана
29%
Лаос
28%
Мали
26%
Буркина-Фасо
26%
No matching quizzes found
Score Distribution
Percent of People with Each Score
Percentile by Number Answered
Your Score History
You have not taken this quiz